El trastorno del espectro autista y su inclusión a la educación general básica /
محفوظ في:
| المؤلف الرئيسي: | |
|---|---|
| التنسيق: | الكتروني كتاب الكتروني |
| اللغة: | الإسبانية |
| منشور في: |
Cuenca, Ecuador :
Universidad del Azuay, Casa Editora,
[2025]
|
| سلاسل: | Homo (Universidad del Azuay, Casa Editora). Educación.
|
| الموضوعات: | |
| الوصول للمادة أونلاين: | Digitalia Hispánica |
| الوسوم: |
إضافة وسم
لا توجد وسوم, كن أول من يضع وسما على هذه التسجيلة!
|
MARC
| LEADER | 00000nam a2200000 i 4500 | ||
|---|---|---|---|
| 001 | DIGUAZUAY0314 | ||
| 003 | NyNyDIG | ||
| 007 | cr ||||||||||| | ||
| 008 | 260120s2025 ec a ob 000 0 spa d | ||
| 006 | m o d | ||
| 035 | |a (OCoLC)1536988851 | ||
| 040 | |a DGITA |b eng |e rda |e pn |c DGITA | ||
| 020 | |a 9789942577153 |q eBook | ||
| 020 | |z 9789942577146 | ||
| 050 | 1 | 4 | |a LC4718.5.E2 ebook |
| 100 | 1 | |a Palacios Álvarez, Cayetana, |e author. | |
| 245 | 1 | 3 | |a El trastorno del espectro autista y su inclusión a la educación general básica / |c Cayetana Palacios Álvarez. |
| 264 | 1 | |a Cuenca, Ecuador : |b Universidad del Azuay, Casa Editora, |c [2025] | |
| 300 | |a 1 online resource : |b illustrations. | ||
| 336 | |a text |b txt |2 rdacontent | ||
| 337 | |a computer |b c |2 rdamedia | ||
| 338 | |a online resource |b cr |2 rdacarrier | ||
| 347 | |a text file |2 rdaft | ||
| 347 | |b PDF | ||
| 490 | 1 | |a Homo. Educación | |
| 504 | |a Includes bibliographical references. | ||
| 588 | 0 | |a Online resource; title from PDF title page (Digitalia, viewed January 20, 2026) | |
| 650 | 0 | |a Autistic children |x Education |z Ecuador. | |
| 650 | 0 | |a Inclusive education |z Ecuador. | |
| 650 | 0 | |a Autism spectrum disorders in children. | |
| 791 | 2 | |a Digitalia (Firm), |e distributor. | |
| 793 | 0 | |g Digitalia eBook Collection: |a Universidad del Azuay | |
| 776 | 0 | 8 | |i Print version: |a Palacios Álvarez, Cayetana. |t Trastorno del espectro autista y su inclusión a la educación general básica. |d Cuenca, Ecuador : Universidad del Azuay, Casa Editora, [2025] |z 9789942577146 |
| 830 | 0 | |a Homo (Universidad del Azuay, Casa Editora). |p Educación. | |
| 856 | 4 | 0 | |3 Digitalia Hispánica |u https://digitalia.unach.elogim.com/a/180878/ |
| 910 | |a Premium collection: 2026 | ||